Discontinuous groups and automorphic functions.

Guardado en:
Autor Principal: Lehner, J. 1912-
Formato: Libro
Idioma:English
Publicado: Providence, R.I. : American Mathematical Society, 1964.
Series:Mathematical surveys ; no. 8.
Materias:
Etiquetas: Agregar Etiqueta
Sin Etiquetas, Sea el primero en etiquetar este registro!
LEADER 00758cam a22002291a 4500
001 MAT.inmabb005938
008 840622s1964####riua#####b####000#0#eng##
005 20150702150516.0
245 1 0 |a Discontinuous groups and automorphic functions. 
260 |a Providence, R.I. :  |b American Mathematical Society,  |c 1964. 
300 |a xi, 425 p. :  |b diagrs. ;  |c 26 cm. 
490 1 |a Mathematical surveys ;  |v no. 8 
504 |a Bibliografía: p. 409-418. 
510 4 |a MR,  |c 29 #1332 
100 1 |a Lehner, J.  |q (Joseph),  |d 1912- 
830 0 |a Mathematical surveys ;  |v no. 8. 
650 0 |a Automorphic functions. 
650 0 |a Discontinuous groups. 
084 |a 30.49 (10.22)  |2 MR 
010 |a  63011987  
040 |a DLC/ICU  |c ICU  |d DLC 
859 |h 11  |i L523  |p A-4721  |b BIB. MATEMATICA